000 00912cam a2200289 a 4500
999 _c478858
_d478858
001 4312387
003 NUST
005 20180808085108.0
008 870305s1988 njua b 001 0 eng
010 _a 87006983
020 _a0136571980
038 _a0
040 _aDLC
_cDLC
_dDLC
050 0 0 _aHF5549
_b.D396 1988
082 0 0 _a658.3
_219
100 1 _aDeCenzo, David A.
_912258
245 1 0 _aPersonnel/human resource management.
_cDavid A.Decenzo
250 _a3rd ed.
_bDavid A. DeCenzo, Stephen P. Robbins.
260 _aEnglewood Cliffs, N.J. :
_bPrentice-Hall,
_c1988.
300 _axvii, 637 p. :
_bill. ;
_c25 cm.
500 _aSecond ed. / Stephen P. Robbins.
504 _aIncludes bibliographies and indexes.
650 0 _aPersonnel management.
_91204
700 1 _aRobbins, Stephen P.,
_d1943-
_912259
906 _a7
_bcbc
_corignew
_d1
_eocip
_f19
_gy-gencatlg
942 _2ddc
_cBK
_k658.3